Nạway trang. (Record no. 67298)

MARC details
000 -LEADER
fixed length control field 00591cam a22002171 4500
001 - CONTROL NUMBER
control field sa 66000519
003 - CONTROL NUMBER IDENTIFIER
control field DLC
005 - DATE AND TIME OF LATEST TRANSACTION
control field 20260227112215.0
008 - FIXED-LENGTH DATA ELEMENTS--GENERAL INFORMATION
fixed length control field 960912s1953 pk 000 0 pusr
010 ## - LIBRARY OF CONGRESS CONTROL NUMBER
LC control number sa 66000519
025 ## - OVERSEAS ACQUISITION NUMBER
Overseas acquisition number PL480:P-Pushto-52
035 ## - SYSTEM CONTROL NUMBER
System control number (OCoLC)35527480
040 ## - CATALOGING SOURCE
Original cataloging agency DLC
Transcribing agency CLU
Modifying agency CLU
-- DLC
042 ## - AUTHENTICATION CODE
Authentication code premarc
050 00 - LIBRARY OF CONGRESS CALL NUMBER
Classification number PK6820.R3
Item number N3
100 1# - MAIN ENTRY--PERSONAL NAME
Personal name Rasa, Mian Sayed Rasul.
245 00 - TITLE STATEMENT
Title Nạway trang.
Statement of responsibility, etc. Sayyid Rasūl Rasā.
260 ## - PUBLICATION, DISTRIBUTION, ETC.
Place of publication, distribution, etc. [Piṣhāwar,
Name of publisher, distributor, etc. Yūnīwạrsaṭī Buk Ejạnsī,
Date of publication, distribution, etc. pref. 1953]
300 ## - PHYSICAL DESCRIPTION
Extent 16, 176 p.
Dimensions 18 cm.
500 ## - GENERAL NOTE
General note Poems.

No items available.

Powered by Koha